000 00797nam a22002777a 4500
001 BR8903108
003 BR-BrBNA
005 20230928093239.0
007 ta
008 230509b bl.||||| |||| 00| 0 por d
040 _aBR-BrBNA
_bpor
_cBiblioteca Nacional de Agricultura
041 _a(Por)
072 _aE14; F06
_b/G514
090 _ E14 BR8903108
110 1 _aDepartamento Nacional de Obras Contra as Secas, Salvador, BA (Brasil)
_93325
245 1 _aProjeto de irrigacao no vale do rio Itapicuru; Orcamentos 5
260 3 _aSalvador, BA (Brasil):
_c1971.
300 _a35 p.
500 _aNumerical data
650 _aPROJETO AGRICOLA
650 _aDESENVOLVIMENTO RURAL
650 _aIRRIGACAO
650 _aORCAMENTO
909 _a202309
_bLucia
_c55
_dLucia Elande
942 _cBK
999 _c43867
_d43867